[Event "JAHI III"]
[Site "SchemingMind.com"]
[Date "2023.05.14"]
[Round "-"]
[White "Enri Arturo"]
[Black "William Lindberg"]
[Result "1-0"]
[WhiteCountry "CUB"]
[BlackCountry "USA"]
[WhiteElo "2553"]
[WhiteRD "90"]
[BlackElo "2355"]
[BlackRD "66"]
[GameID "733944"]

1. d4 Nf6 2. c4 e6 3. g3 Be7 4. Bg2 d5 5. Nf3 O-O 6. O-O c5 7. dxc5 Nc6 8. cxd5 Qxd5 9. Qxd5 Nxd5 10. Bd2 Bxc5
11. Nc3 Nb6 12. Bf4 f6 13. Rfc1 Rd8 14. Nb5 Bf8 15. Bc7 Rd7 16. Bxb6 axb6 17. a3 e5 18. e3 g6 19. Ne1 Rb8 20. Bxc6 bxc6
21. Rxc6 Rd2 22. Rc2 Rd8 23. h4 Rb7 24. Nc3 Be6 25. Rd1 Rxd1 26. Nxd1 Rd7 27. Nc3 b5 28. Nf3 Rc7 29. Nd2 b4 30. axb4 Bxb4
31. Rc1 h6 32. Nde4 Kf7 33. Na2 Ba5 34. Rxc7+ Bxc7 35. Nb4 Ke7 36. Nc3 Kd7 37. Na6 Bb6 38. Na4 Kc6 39. Nxb6 Kxb6 40. Nb4 Bc4
41. f3 Kc5 42. Nc2 f5 43. Kf2 Bb3 44. Na3 g5 45. Nb1 Bf7 46. hxg5 hxg5 47. Nc3 Kc4 48. e4 f4 49. g4 Kb4 50. Ke1 Kb3
51. Nd1 Bg8= 52. Kd2 Bc4 53. Nf2 Kxb2 54. Nh3 Bg8 55. Nxg5 Kb3 56. Nh3 Kc4 57. Nf2 Kc5 58. g5 Bh7 59. Ng4 Kd6 60. Ke2 Bg6
61. Kd3 Bh7 62. Kc4 Bg8+ 63. Kb5 Bf7 64. Kb6 Be8 65. Nf6 Bf7 66. Kb7 Bg6 67. Kb8 Kc6 68. Kc8 Kd6 69. Kd8 Ke6 70. Kc7 Ke7
71. Nd7 Bh5 72. Nxe5 Ke6 73. Nc6 Bg6 74. Kb6 Kd6 75. Nd4 Ke5 76. Kc5 Bh5 77. Kc4 Be8 78. Nf5 Bf7+ 79. Kc5 Bg6 80. Ne7 Be8
81. g6 Kf6 82. Kd6 Kg7 83. Ke6 Bb5 84. Kf5 Bf1 85. Kg5 Bc4 86. Nf5+ Kf8 87. Kf6 Ba2 88. e5 Ke8 89. e6 Bc4 90. g7
1-0

[Event "JAHI III"]
[Site "SchemingMind.com"]
[Date "2023.05.27"]
[Round "-"]
[White "AussieMossie"]
[Black "Kid A"]
[Result "1-0"]
[WhiteCountry "AUS"]
[BlackCountry "FIN"]
[WhiteElo "2518"]
[WhiteRD "86"]
[BlackElo "1973"]
[BlackRD "85"]
[GameID "734240"]

1. d4 d5 2. c4 e6 3. Nc3 Nf6 4. Nf3 c6 5. e3 Bb4 6. Bd3 Nbd7 7. O-O O-O 8. a3 Bxc3 9. bxc3 Re8 10. a4 c5
11. Nd2 e5 12. cxd5 Nxd5 13. Qb3 N5b6 14. a5 c4 15. Nxc4 Nxc4 16. Bxc4 Qf6 17. e4 h6 18. f4 exd4 19. e5
1-0

[Event "JAHI III"]
[Site "SchemingMind.com"]
[Date "2023.06.02"]
[Round "-"]
[White "Derek Price"]
[Black "Robert Bruce"]
[Result "1-0"]
[WhiteCountry "ENG"]
[BlackCountry "SCO"]
[WhiteElo "2405"]
[WhiteRD "74"]
[BlackElo "2329"]
[BlackRD "67"]
[GameID "734468"]

1. c4 f5 2. g3 Nf6 3. Bg2 e6 4. Nc3 d5 5. cxd5 exd5 6. Nf3 Be7 7. O-O O-O 8. e3 Nc6 9. a3 d4 10. exd4 Nxd4
11. Nxd4 Qxd4 12. Qb3+ Rf7 13. Nd5 Be6 14. Nxf6+ Qxf6 15. Qxb7 Raf8 16. d3 Bd6 17. Qxa7 f4 18. Bxf4 Bxf4 19. gxf4 Qg6 20. Kh1 Rxf4
21. Qxc7 h6 22. Qe5 R8f5 23. Qe3 Rh4 24. Rae1 Bd7 25. Qg3 Qf6 26. Re4 Rhh5 27. Re2 Rf4 28. Re4 Rff5 29. Rb4 Rfg5 30. Qb8+ Kh7
31. Qa8 g6 32. Re1 Qd6 33. h4 Rxg2 34. Qxg2 Bc6 35. f3 Rf5 36. Qh2 Qd7 37. Rf4 Rc5 38. Rf6 Kg7 39. Qb8 Kh7 40. Qg3 g5
41. d4 Rf5 42. Rxf5 Qxf5 43. Re7+ Kg8 44. Qb8+
1-0

[Event "JAHI III"]
[Site "SchemingMind.com"]
[Date "2023.06.01"]
[Round "-"]
[White "Robert Bruce"]
[Black "Derek Price"]
[Result "0-1"]
[WhiteCountry "SCO"]
[BlackCountry "ENG"]
[WhiteElo "2279"]
[WhiteRD "66"]
[BlackElo "2386"]
[BlackRD "74"]
[GameID "734469"]

1. e4 c5 2. Nf3 d6 3. Bb5+ Nd7 4. Be2 Ngf6 5. Nc3 g6 6. d4 cxd4 7. Nxd4 Bg7 8. Be3 a6 9. a4 b6 10. f3 Bb7
11. Qd2 Qc7 12. Bh6 O-O 13. Bxg7 Kxg7 14. h4 e5 15. Nb3 Rfd8 16. g4 h6 17. O-O Nc5 18. Qe3 Ne6 19. Rfe1 Rac8 20. Bf1 Nf4
21. Rad1 Re8 22. Ne2 Nxe2+ 23. Rxe2 d5 24. g5 hxg5 25. hxg5 Nh5 26. exd5 Nf4 27. d6 Nxe2+ 28. Bxe2 Qd7 29. c4 Rcd8 30. Bf1 e4
31. Qxb6 exf3 32. Kf2 Kg8 33. Nc5 Qf5 34. Re1 Qxg5 35. Rxe8+ Rxe8 36. Nxb7 Qh4+ 37. Kxf3 Qh5+ 38. Kg2 Qg4+ 39. Kf2 Qf4+ 40. Kg2 Re5
41. Qd8+ Kg7
0-1

[Event "JAHI III"]
[Site "SchemingMind.com"]
[Date "2023.06.12"]
[Round "-"]
[White "Drag0nBall"]
[Black "Rommel85"]
[Result "1/2-1/2"]
[WhiteCountry "NCA"]
[BlackCountry "CUB"]
[WhiteElo "2438"]
[WhiteRD "100"]
[BlackElo "2550"]
[BlackRD "79"]
[GameID "734791"]

1. d4 d5 2. c4 c6 3. Nf3 Nf6 4. e3 Bf5 5. Nc3 e6 6. Nh4 Bg6 7. Nxg6 hxg6 8. Bd2 Be7 9. Bd3 dxc4 10. Bxc4 Nbd7
11. O-O O-O 12. Be2 c5 13. dxc5 Nxc5 14. Qc2 Rc8 15. Rfd1 Nce4 16. Be1 Qc7 17. Qb3 Nxc3 18. Bxc3 Nd5 19. Be1 Bf6 20. Bf3 Rfd8
21. Bxd5= Rxd5 22. Rxd5 exd5 23. Rd1 Qc2 24. Qxb7 Qxd1 25. Qxc8+ Kh7 26. Qh3+ Kg8 27. Qc8+ Kh7 28. Qh3+ Kg8=
1/2-1/2

[Event "JAHI III"]
[Site "SchemingMind.com"]
[Date "2023.06.14"]
[Round "-"]
[White "Rommel85"]
[Black "Drag0nBall"]
[Result "1/2-1/2"]
[WhiteCountry "CUB"]
[BlackCountry "NCA"]
[WhiteElo "2525"]
[WhiteRD "76"]
[BlackElo "2451"]
[BlackRD "103"]
[GameID "734792"]

1. e4 e5 2. Nf3 Nc6 3. Bc4 Nf6 4. d3 Be7 5. O-O O-O 6. Re1 d6 7. a4 Be6 8. Bxe6 fxe6 9. c3 a5 10. Be3 b6
11. Nbd2 Qd7 12. Nc4 h6 13. h3 Qe8 14. Qb3 Qg6 15. Rab1 Kh8 16. Rbd1 Qf7 17. Qb5 Na7 18. Qb3 Nc6 19. Na3 Rac8 20. Nb5 Nd8
21. Na3 Qh5 22. Nc4 g5 23. Nh2 g4 24. hxg4 Nxg4 25. Nxg4 Qxg4 26. Qc2 Rg8 27. g3 Bh4 28. Qe2 Qh3 29. Qf1 Qg4 30. Qg2 Nf7
31. Qh2 Rcf8 32. Kg2 Ng5 33. Qxh4 Qxh4 34. gxh4 Nxe4+ 35. Kh2 Nxf2 36. Rd2 Ng4+ 37. Kh1 Rf3 38. Bg1 h5 39. Kg2 Rf4 40. Kh1 Rf3
41. d4 Rh3+ 42. Kg2 Rxh4 43. Kg3 Rh1 44. Kg2 Rh4 45. Kf3=
1/2-1/2

[Event "JAHI III"]
[Site "SchemingMind.com"]
[Date "2023.08.07"]
[Round "-"]
[White "Derek Price"]
[Black "Helga1946"]
[Result "1/2-1/2"]
[WhiteCountry "ENG"]
[BlackCountry "GER"]
[WhiteElo "2393"]
[WhiteRD "74"]
[BlackElo "2427"]
[BlackRD "72"]
[GameID "736301"]

1. c4 c5 2. Nf3 Nf6 3. Nc3 Nc6 4. g3 d5 5. cxd5 Nxd5 6. Bg2 g6 7. Nxd5 Qxd5 8. O-O Bg7 9. d3 O-O 10. a3 Qf5
11. Qa4 Rd8 12. Rb1 Bd7 13. Bd2 Qe6 14. Rfe1 h6 15. Qc2 b6 16. b4 cxb4 17. axb4 a5 18. bxa5 bxa5 19. Qc1 Rdb8 20. Rxb8+ Rxb8
21. Bxh6 Bb2 22. Qc2 Qb3 23. Qxb3 Rxb3 24. Nd2 Rb5 25. Bxc6 Bxc6 26. Nc4 a4 27. Nxb2 Rxb2 28. Ra1 Rxe2 29. Kf1 Rb2 30. Bc1 Rc2
31. Ke1 Bd5 32. Bd2 Bb3 33. h4 f6 34. Ke2 Kf7 35. Ke3=
1/2-1/2

[Event "JAHI III"]
[Site "SchemingMind.com"]
[Date "2023.08.06"]
[Round "-"]
[White "Helga1946"]
[Black "Derek Price"]
[Result "1-0"]
[WhiteCountry "GER"]
[BlackCountry "ENG"]
[WhiteElo "2422"]
[WhiteRD "75"]
[BlackElo "2349"]
[BlackRD "70"]
[GameID "736302"]

1. a3 g6 2. Nf3 Bg7 3. d4 d6 4. e4 Nf6 5. Bd3 O-O 6. O-O Nc6 7. h3 Nd7 8. c3 e5 9. Bc2 a6 10. b4 Kh8
11. Bb3 Qe7 12. Re1 f5 13. Nbd2 f4 14. Bb2 g5 15. a4 Nd8 16. Ba3 h6 17. b5 Nf7 18. Bd5 axb5 19. axb5 Nb6 20. c4 exd4
21. e5 Nxd5 22. cxd5 Rxa3 23. Rxa3 dxe5 24. Qc1 Qd6 25. Ra8 Kg8 26. Ne4 Qb6 27. Qa3 Bf5 28. Nfd2 Nd6 29. Nxd6 Qxd6 30. Qxd6 cxd6
31. Rxf8+ Bxf8 32. f3 b6 33. Ne4 Bxe4 34. fxe4 h5 35. Rc1 g4 36. hxg4 hxg4 37. Rc6 Be7 38. Kf1 Kf7 39. Rxb6 d3 40. Ra6 Bd8
41. Ra3 d2 42. Ke2 Bb6 43. Kxd2 Ke7 44. Ra6 Bc5 45. Rc6 Bb4+ 46. Ke2 Kd7 47. b6 Ba5 48. Kf2 Kd8 49. Rxd6+ Kc8 50. Re6 Kb7
51. Rxe5 Kxb6 52. Rg5 f3 53. d6 Bc3 54. d7 Bd4+ 55. Kg3 Bf6 56. Rg6
1-0

[Event "JAHI III"]
[Site "SchemingMind.com"]
[Date "2023.11.07"]
[Round "-"]
[White "Enri Arturo"]
[Black "TigerFeet"]
[Result "1-0"]
[WhiteCountry "CUB"]
[BlackCountry "ENG"]
[WhiteElo "2544"]
[WhiteRD "84"]
[BlackElo "2083"]
[BlackRD "75"]
[GameID "738875"]

1. d4 Nf6 2. c4 c5 3. d5 b5 4. cxb5 a6 5. e3 e6 6. dxe6 fxe6 7. Nf3 d5 8. Nc3 c4 9. Be2 axb5 10. Nxb5 Na6
11. O-O Nc5 12. Nbd4 Bd6 13. b3 cxb3 14. Nxb3 O-O 15. Nxc5 Bxc5 16. a4 Ne4 17. Bb2 Qb6 18. Qc2 Bb7 19. Be5 Bc6 20. Nd4 Bd7
21. Bf3 Ng5 22. Rfb1 Qa7 23. Nb5 Nxf3+ 24. gxf3 Bxb5 25. axb5 Qe7 26. Rxa8 Rxa8 27. b6
1-0

[Event "JAHI III"]
[Site "SchemingMind.com"]
[Date "2023.11.07"]
[Round "-"]
[White "TigerFeet"]
[Black "Enri Arturo"]
[Result "0-1"]
[WhiteCountry "ENG"]
[BlackCountry "CUB"]
[WhiteElo "2083"]
[WhiteRD "75"]
[BlackElo "2544"]
[BlackRD "84"]
[GameID "738876"]

1. e4 c5 2. Nc3 d6 3. d4 cxd4 4. Qxd4 Nc6 5. Qd2 Nf6 6. b3 e6 7. Bb2 d5 8. exd5 exd5 9. O-O-O Be6 10. Kb1 Qa5
11. Nb5 Qxd2 12. Rxd2 Bb4 13. Rd1 Ne4 14. Nc7+ Kd7 15. Nxe6 Nxf2 16. Nxg7 Nxd1 17. Nh3 Nc3+ 18. Ka1 Rhg8 19. Nh5 Nd4 20. Nf6+ Ke6
0-1

[Event "JAHI III"]
[Site "SchemingMind.com"]
[Date "2024.01.25"]
[Round "-"]
[White "AussieMossie"]
[Black "Helga1946"]
[Result "*"]
[WhiteCountry "AUS"]
[BlackCountry "GER"]
[WhiteElo "2489"]
[WhiteRD "95"]
[BlackElo "2403"]
[BlackRD "75"]
[GameID "741764"]

1. d4 d5 2. c4 dxc4 3. Nf3 Nf6 4. e3 a6 5. Bxc4 e6 6. O-O c5 7. dxc5 Bxc5 8. Qxd8+ Kxd8 9. Be2 Ke7 10. Rd1 Nbd7
11. Nd4 Rd8 12. Bd2 Nd5 13. Nc3 N7f6 14. Nb3 Bb4 15. Nxd5+ Nxd5 16. Bxb4+ Nxb4 17. Rxd8 Kxd8 18. a3 Nd5 19. Rd1 Ke8 20. Bf3 Nf6
21. Na5 Rb8 22. Rc1 Kd8 23. Nc4 Ke7 24. Nb6 Kd8 25. g4 h6
*

[Event "JAHI III"]
[Site "SchemingMind.com"]
[Date "2024.01.25"]
[Round "-"]
[White "Helga1946"]
[Black "AussieMossie"]
[Result "*"]
[WhiteCountry "GER"]
[BlackCountry "AUS"]
[WhiteElo "2403"]
[WhiteRD "75"]
[BlackElo "2489"]
[BlackRD "95"]
[GameID "741765"]

1. a3 c5 2. e3 Nc6 3. d4 cxd4 4. exd4 d5 5. Nf3 Bg4 6. Be3 Nf6 7. Nbd2 e6 8. c3 Bd6 9. Bd3 O-O 10. Qc2 Rc8
11. O-O Bh5 12. h3 Qc7 13. Rfe1 Bg6 14. Bxg6 hxg6 15. Ng5 Na5 16. g3 b5 17. Ndf3 Nc4 18. h4 a5 19. Re2 b4 20. axb4 axb4
21. Bc1 bxc3 22. Qxc3 Qb7 23. Qd3 Rb8 24. Ra2 Rfc8 25. Kg2
*

[Event "JAHI III"]
[Site "SchemingMind.com"]
[Date "2024.03.30"]
[Round "-"]
[White "CapaChess"]
[Black "Enri Arturo"]
[Result "1/2-1/2"]
[WhiteCountry "CUB"]
[BlackCountry "CUB"]
[WhiteElo "2526"]
[WhiteRD "67"]
[BlackElo "2557"]
[BlackRD "92"]
[GameID "743481"]

1. e4 e5 2. Nf3 Nc6 3. Bc4 Nf6 4. d3 Bc5 5. Nbd2 d6 6. c3 a5 7. h3 h6 8. Bb5 O-O 9. O-O Na7 10. Ba4 b5
11. Bc2 Nc6 12. d4 Bb6 13. a4 Ba6 14. d5 Ne7 15. Re1 bxa4 16. Nf1 Bc5 17. Ne3 Ng6 18. Rxa4 c6 19. b3 cxd5 20. exd5 Re8
21. Ng4 Bb5 22. Ra2 Nxg4 23. hxg4 Nf4 24. Bxf4 exf4 25. Rxe8+ Qxe8 26. Qd2 Qe2 27. Qxe2 Bxe2 28. Bh7+ Kxh7 29. Rxe2 Rb8 30. Nd2 Ba3
31. Re7 Bc1 32. Ne4 Rxb3=
1/2-1/2

[Event "JAHI III"]
[Site "SchemingMind.com"]
[Date "2024.03.30"]
[Round "-"]
[White "Enri Arturo"]
[Black "CapaChess"]
[Result "1/2-1/2"]
[WhiteCountry "CUB"]
[BlackCountry "CUB"]
[WhiteElo "2557"]
[WhiteRD "92"]
[BlackElo "2526"]
[BlackRD "67"]
[GameID "743482"]

1. e4 c6 2. d4 d5 3. e5 c5 4. Nf3 cxd4 5. Qxd4 Nc6 6. Qf4 e6 7. Nc3 Nb4 8. Bd3 Nxd3+ 9. cxd3 Ne7 10. Bd2 Ng6
11. Qg3 Bd7 12. h4 h5 13. Ne2 Qb6 14. Bc3 Be7 15. Nf4 Rh6 16. Ne2 Qa6 17. Nfd4 Kf8 18. a4 Kg8 19. Bd2 Rh8 20. b4 Qb6
21. a5 Qd8 22. Nf3 Bb5 23. Ra3 Rc8 24. Ned4 Bxb4 25. Ra1 Bxd2+ 26. Kxd2 Ba6 27. Rhc1 Rxc1 28. Rxc1 Qxa5+ 29. Ke2 b6 30. Ng5 Qa3
31. Rc7 Qb2+ 32. Ke3 Qa3=
1/2-1/2